[Event "NAYCC U18"]
[Site "Kingston CAN"]
[Date "2025.08.22"]
[Round "7.9"]
[White "Mulay, Vivan Prakash"]
[Black "Lin, Leo"]
[Result "0-1"]
[WhiteElo "2029"]
[BlackElo "2059"]
[WhiteFideId "-1"]
[WhiteFideId "-1"]
[PlyCount "234"]
[GameId "2217010587476544"]
[EventDate "2025.08.18"]
[EventType "swiss"]
[EventRounds "9"]
[EventCountry "CAN"]

1. e4 c5 2. Nf3 d6 3. d4 cxd4 4. Nxd4 Nf6 5. Nc3 Nc6 6. Bg5 e6 7. Qd2 a6 8. O-O-O Bd7 9. Kb1 h6 10. Be3 b5 11. Nxc6 Bxc6 12. f3 Qc7 13. h4 h5 14. Ne2 d5 15. e5 Nd7 16. f4 Rc8 17. Nd4 Bb7 18. f5 exf5 19. e6 Nc5 20. Bf4 Qe7 21. Nxb5 Ne4 22. Qa5 fxe6 23. Nc7+ Kf7 24. Qb6 Qd7 25. Nxe6 Be7 26. Nc7 Bc6 27. Bc4 Nf6 28. Rhe1 Bd8 29. Nxd5 Bxd5 30. Bxd5+ Nxd5 31. Qb3 Qb5 32. Qxb5 Nc3+ 33. bxc3 axb5 34. Rd5 Bxh4 35. Re3 Bf6 36. Rxf5 Rc4 37. Bd6 Rd8 38. Be5 Rd1+ 39. Kb2 Rd5 40. Ref3 Rcc5 41. Rxf6+ gxf6 42. Rxf6+ Ke7 43. Bd4 Rc4 44. Rh6 Rc8 45. Rg6 Rf8 46. Kb3 Rff5 47. Kb4 Kf7 48. Rg7+ Ke6 49. Rg6+ Kf7 50. Rg7+ Kf8 51. Rg3 Rg5 52. Rd3 Ke8 53. g3 Rg4 54. Kb3 Kd7 55. Re3 Kc6 56. Rd3 Rd6 57. a3 Rdg6 58. Be5 Re4 59. Bd4 Reg4 60. Be5 R6g5 61. Bb8 Rd5 62. Re3 Kb7 63. Be5 Kc6 64. Bb8 Rd1 65. Kb2 Rd8 66. Ba7 Rdg8 67. Re6+ Kd7 68. Rh6 R4g5 69. Bd4 R8g6 70. Rh8 Kc6 71. Kb3 Kd5 72. Be3 Rf5 73. Bf4 Rc6 74. Re8 Re6 75. Rh8 Ke4 76. Bb8 Rc6 77. Bf4 Kf3 78. Kb2 Rfc5 79. Rh7 Rd5 80. Kb3 Rc4 81. Rh8 Rdc5 82. Kb2 Kg4 83. Rg8+ Kf3 84. Rh8 Rxc3 85. Bd6 Rxc2+ 86. Kb3 R5c3+ 87. Kb4 Rd3 88. Bf4 Rd5 89. Bb8 Rc4+ 90. Kb3 Rd3+ 91. Kb2 Re4 92. Rxh5 Re2+ 93. Kc1 Rxa3 94. Be5 Kg2 95. Kd1 Rf2 96. g4 Rd3+ 97. Kc1 Kg1 98. Rf5 Rxf5 99. gxf5 Rd5 100. Bc3 Rxf5 101. Kc2 Rf4 102. Bd2 Rc4+ 103. Kb3 Kf2 104. Bg5 Ke2 105. Be7 Kd3 106. Bd8 Ke4 107. Bg5 Kd5 108. Be7 Kc6 109. Bb4 Kb6 110. Be7 Re4 111. Bd6 Re6 112. Bb8 Re3+ 113. Kb4 Re4+ 114. Kb3 b4 115. Bd6 Kb5 116. Bf8 Re3+ 117. Kb2 Ka4 0-1

[Event "NAYCC U18"]
[Site "Kingston CAN"]
[Date "2025.08.22"]
[Round "7.10"]
[White "Zhu, Matthew"]
[Black "Schaefer, Sasha Milo"]
[Result "0-1"]
[WhiteElo "2043"]
[BlackElo "2023"]
[WhiteFideId "-1"]
[WhiteFideId "-1"]
[PlyCount "122"]
[GameId "2217022041289379"]
[EventDate "2025.08.18"]
[EventType "swiss"]
[EventRounds "9"]
[EventCountry "CAN"]

1. e4 c6 2. d4 d5 3. Nd2 dxe4 4. Nxe4 Nf6 5. Nxf6+ exf6 6. c3 Bd6 7. Bd3 O-O 8. Qc2 Re8+ 9. Ne2 h5 10. O-O h4 11. h3 Nd7 12. f4 Nf8 13. f5 c5 14. d5 Be5 15. Qb3 a6 16. a4 b6 17. Bf4 Rb8 18. c4 Nd7 19. Qc2 Qc7 20. Qd2 b5 21. Nc3 bxc4 22. Bxc4 Bxf4 23. Rxf4 Rxb2 24. Qc1 Rc2 25. Qxc2 Qxf4 26. Be2 Qd4+ 27. Kh1 Re3 28. Rc1 Bb7 29. Bf3 Ne5 30. Ne2 Qd3 31. Qxd3 Rxd3 32. Nf4 Rd4 33. Ne2 Rd2 34. Nf4 Nxf3 35. gxf3 Rd4 36. Rb1 Bxd5 37. Nxd5 Rxd5 38. Rb6 Rxf5 39. Kg2 a5 40. Rb8+ Kh7 41. Rb5 Rg5+ 42. Kf2 c4 43. Ke3 c3 44. Kd3 Rg3 45. Rh5+ Kg6 46. Rxh4 Rxf3+ 47. Kc2 f5 48. Rc4 Rxh3 49. Rc5 f4 50. Rxa5 f3 51. Rd5 f2 52. Rd1 Re3 53. Rf1 Re4 54. Rxf2 Rxa4 55. Kxc3 Re4 56. Rg2+ Kf6 57. Rf2+ Ke7 58. Kd3 Re6 59. Rg2 g6 60. Rg1 f5 61. Rg2 Kf6 0-1

[Event "NAYCC U18"]
[Site "Kingston CAN"]
[Date "2025.08.22"]
[Round "7.11"]
[White "Tang, Vincent"]
[Black "Ramesan, Raunak Amit"]
[Result "1-0"]
[WhiteElo "1937"]
[BlackElo "1915"]
[WhiteFideId "-1"]
[WhiteFideId "-1"]
[PlyCount "85"]
[GameId "2217031735812782"]
[EventDate "2025.08.18"]
[EventType "swiss"]
[EventRounds "9"]
[EventCountry "CAN"]

1. d4 Nf6 2. c4 e6 3. Nc3 Bb4 4. Qb3 c5 5. dxc5 Nc6 6. Nf3 Ne4 7. Bd2 Nxd2 8. Nxd2 O-O 9. g3 Bxc5 10. Bg2 b6 11. O-O Bb7 12. e3 Na5 13. Qa4 Bxg2 14. Kxg2 Nc6 15. Rfd1 f5 16. Nb3 Qc7 17. Nxc5 bxc5 18. Nb5 Qb7 19. Nd6 Qxb2 20. Rab1 Qe5 21. Rb3 Rab8 22. f4 Qf6 23. Nb7 Qe7 24. Qb5 Rfc8 25. Qxc5 Qxc5 26. Nxc5 Rxb3 27. axb3 Nb8 28. Nxd7 Nxd7 29. Rxd7 a5 30. Ra7 Rb8 31. c5 Kf8 32. Kf3 Rxb3 33. Rxa5 Rc3 34. Ke2 Ke7 35. Kd2 Rc4 36. Kd3 Rc1 37. Kd4 Rc2 38. Ke5 Kf7 39. Ra7+ Kg6 40. Kd6 Kf6 41. Ra4 Rc1 42. c6 Rc2 43. c7 1-0

[Event "NAYCC U18"]
[Site "Kingston CAN"]
[Date "2025.08.22"]
[Round "7.12"]
[White "Liu, Sean"]
[Black "Malakar, Saarthak"]
[Result "1/2-1/2"]
[WhiteElo "1823"]
[BlackElo "2083"]
[WhiteFideId "-1"]
[WhiteFideId "-1"]
[PlyCount "72"]
[GameId "2217033110954678"]
[EventDate "2025.08.18"]
[EventType "swiss"]
[EventRounds "9"]
[EventCountry "CAN"]

1. e4 c6 2. d4 d5 3. exd5 cxd5 4. c4 Nf6 5. Nc3 Nc6 6. c5 Bd7 7. Bb5 Qc7 8. Nf3 e6 9. O-O Be7 10. Re1 O-O 11. Bg5 Rfe8 12. Bh4 b6 13. Bxc6 Bxc6 14. b4 Ne4 15. Qc2 Bxh4 16. Nxh4 bxc5 17. bxc5 Qa5 18. Ne2 Rab8 19. Nf3 f6 20. Ng3 Rb4 21. Rab1 Reb8 22. h3 Qb5 23. Rb3 a5 24. Reb1 Qc4 25. Qb2 Rxb3 26. axb3 Qb4 27. Nf1 a4 28. N1d2 Kf7 29. Qc2 Nxd2 30. Qxd2 axb3 31. Qf4 Kg8 32. Qd6 Qb5 33. Qxe6+ Kh8 34. Rb2 Re8 35. Qd6 Qa4 36. Kh2 Rc8 1/2-1/2

[Event "NAYCC U18"]
[Site "Kingston CAN"]
[Date "2025.08.22"]
[Round "7.13"]
[White "Valavan, Aaryan"]
[Black "Joseph, Jonath"]
[Result "0-1"]
[WhiteElo "1659"]
[BlackElo "1938"]
[WhiteFideId "-1"]
[WhiteFideId "-1"]
[PlyCount "56"]
[GameId "2217051201712830"]
[EventDate "2025.08.18"]
[EventType "swiss"]
[EventRounds "9"]
[EventCountry "CAN"]

1. e4 e5 2. Nf3 Nc6 3. Bb5 a6 4. Ba4 Nf6 5. O-O d6 6. d3 Bd7 7. c3 g6 8. Re1 Bg7 9. d4 O-O 10. dxe5 Nxe5 11. Nxe5 dxe5 12. Bg5 Bxa4 13. Qxa4 Qd7 14. Qb3 Qc6 15. Bxf6 Bxf6 16. c4 Be7 17. Nc3 Bc5 18. Rad1 f5 19. Rd5 Bd4 20. Ne2 Bc5 21. Ng3 f4 22. Ne2 f3 23. gxf3 Rf7 24. Red1 Raf8 25. R1d3 b6 26. Qc3 Qf6 27. b4 c6 28. Rd7 Bd4 0-1

[Event "NAYCC U18"]
[Site "Kingston CAN"]
[Date "2025.08.22"]
[Round "8.1"]
[White "Kot, Emanuel"]
[Black "Yang, Jingyun (Ryan)"]
[Result "1-0"]
[WhiteElo "2166"]
[BlackElo "2372"]
[WhiteFideId "-1"]
[WhiteFideId "-1"]
[PlyCount "113"]
[GameId "2217251214670968"]
[EventDate "2025.08.18"]
[EventType "swiss"]
[EventRounds "9"]
[EventCountry "CAN"]

1. e4 e5 2. Nf3 Nc6 3. Bb5 a6 4. Ba4 d6 5. O-O Bd7 6. c4 Nf6 7. d4 g6 8. Nc3 exd4 9. Nxd4 Bg7 10. Bxc6 bxc6 11. f3 O-O 12. Be3 Re8 13. Qd2 Qe7 14. Bf2 Qe5 15. Rfe1 Rab8 16. b3 Qa5 17. Rad1 Qb4 18. Nc2 Qb7 19. Bd4 c5 20. Be3 Bc6 21. Bh6 Bh8 22. Re2 a5 23. Rb1 Qa6 24. a4 Qb6 25. Nb5 Ra8 26. Nca3 Nd7 27. Qc2 Re6 28. Rbe1 Rae8 29. Bc1 Bxb5 30. axb5 Qa7 31. Bb2 Bxb2 32. Qxb2 a4 33. Nc2 axb3 34. Qxb3 Qb7 35. Ne3 Ra8 36. Ra2 Ree8 37. Rea1 h5 38. Nd5 f6 39. Qc3 Kf7 40. Ra6 Ne5 41. Nxc7 Rxa6 42. Nxa6 g5 43. Rd1 Ke7 44. Rc1 Qb6 45. Qd2 h4 46. h3 Rd8 47. Qd5 Qa5 48. Rd1 Qa3 49. Nc7 Rd7 50. Qe6+ Kd8 51. b6 Kc8 52. Nb5 Qe3+ 53. Kh1 Nf7 54. b7+ Kxb7 55. Qxd7+ Kb6 56. Qc7+ Ka6 57. Qa7# 1-0

[Event "NAYCC U18"]
[Site "Kingston CAN"]
[Date "2025.08.22"]
[Round "8.2"]
[White "Cherukuri, Nitesh"]
[Black "Park, Evan"]
[Result "0-1"]
[WhiteElo "2252"]
[BlackElo "2412"]
[WhiteFideId "-1"]
[WhiteFideId "-1"]
[PlyCount "104"]
[GameId "2217256449473667"]
[EventDate "2025.08.18"]
[EventType "swiss"]
[EventRounds "9"]
[EventCountry "CAN"]

1. e4 e5 2. Nf3 Nc6 3. Nc3 Nf6 4. a3 h6 5. d4 exd4 6. Nxd4 Bc5 7. Nb3 Bb6 8. Qe2 O-O 9. Be3 d6 10. O-O-O Be6 11. h3 Re8 12. Bxb6 axb6 13. g4 Nd7 14. Nd4 Qg5+ 15. Kb1 Nxd4 16. Rxd4 Ne5 17. Nd5 Nc6 18. Rd1 Bxd5 19. Rxd5 Qf4 20. Bg2 Ne5 21. Rf1 Re6 22. Qd2 Rf6 23. Qc3 Qh2 24. Qg3 Qxg3 25. fxg3 Rxf1+ 26. Bxf1 Re8 27. Bg2 Re6 28. Kc1 Rg6 29. b3 h5 30. Kd2 hxg4 31. h4 Kf8 32. Ke3 Rf6 33. Rd1 b5 34. Ra1 Ke7 35. a4 b4 36. a5 Kd7 37. a6 bxa6 38. Rxa6 c5 39. Ra7+ Kc6 40. Ra1 Kb6 41. Rf1 Rh6 42. Rf5 Rh8 43. Bf1 Ra8 44. Be2 Ra2 45. Kd2 Ra1 46. Rf1 Ra8 47. Rf4 Ra1 48. Rf1 Rxf1 49. Bxf1 c4 50. Ke3 Kc5 51. Bg2 cxb3 52. cxb3 Nc6 0-1

[Event "NAYCC U18"]
[Site "Kingston CAN"]
[Date "2025.08.22"]
[Round "8.3"]
[White "Guo, Ethan"]
[Black "Patel, Maahir M"]
[Result "1-0"]
[WhiteElo "2311"]
[BlackElo "2114"]
[WhiteFideId "-1"]
[WhiteFideId "-1"]
[PlyCount "97"]
[GameId "2217288412728465"]
[EventDate "2025.08.18"]
[EventType "swiss"]
[EventRounds "9"]
[EventCountry "CAN"]

1. e4 e6 2. d4 d5 3. Nd2 c5 4. Ngf3 cxd4 5. Nxd4 Ne7 6. exd5 Nxd5 7. N2f3 a6 8. c3 Bd6 9. Bc4 O-O 10. O-O Qc7 11. Bxd5 exd5 12. h3 h6 13. Re1 Nc6 14. Be3 Rd8 15. Qc2 Bd7 16. Rad1 Ne7 17. Rd2 Rac8 18. Nh4 Bh2+ 19. Kh1 Be5 20. Nhf5 Re8 21. Nxe7+ Rxe7 22. Bf4 Rce8 23. Rde2 Kf8 24. Qh7 f6 25. Bg3 Qd6 26. Bxe5 Rxe5 27. Qd3 Rxe2 28. Rxe2 Rxe2 29. Qxe2 Qe5 30. Qd1 Qe4 31. Kg1 a5 32. Qc1 g5 33. f3 Qd3 34. Qe1 Kf7 35. Kh2 Qc4 36. Qg3 Ke7 37. Qb8 Qc8 38. Qa7 Qc7+ 39. Kg1 h5 40. Nb3 Qe5 41. Nxa5 Qe1+ 42. Kh2 g4 43. Qb8 Ke6 44. fxg4 hxg4 45. Qc7 gxh3 46. Nxb7 hxg2 47. Nc5+ Kf5 48. Qxd7+ Kg5 49. Ne6+ 1-0

[Event "NAYCC U18"]
[Site "Kingston CAN"]
[Date "2025.08.22"]
[Round "8.4"]
[White "Das, Aditeya"]
[Black "Chen, Max"]
[Result "1-0"]
[WhiteElo "2259"]
[BlackElo "2318"]
[WhiteFideId "-1"]
[WhiteFideId "-1"]
[PlyCount "53"]
[GameId "2217293034179740"]
[EventDate "2025.08.18"]
[EventType "swiss"]
[EventRounds "9"]
[EventCountry "CAN"]

1. d4 Nf6 2. c4 e6 3. Nf3 d5 4. Nc3 dxc4 5. e4 b5 6. e5 Nd5 7. Nxb5 Nb6 8. Be2 Nc6 9. O-O Be7 10. Be3 Ba6 11. Nc3 O-O 12. a3 Qc8 13. Qc2 Na5 14. Ne4 h6 15. Bxh6 Nb3 16. Neg5 g6 17. Rad1 Rd8 18. h4 c5 19. dxc5 Nxc5 20. h5 Nd3 21. hxg6 fxg6 22. Nh4 Rd4 23. Nxg6 Bxg5 24. Bxg5 Kg7 25. Ne7 Qc7 26. Bf6+ Kf8 27. Bxd3 1-0

[Event "NAYCC U18"]
[Site "Kingston CAN"]
[Date "2025.08.22"]
[Round "8.5"]
[White "Lu, Yiding"]
[Black "Vemparala, Nikash"]
[Result "1/2-1/2"]
[WhiteElo "2042"]
[BlackElo "2176"]
[WhiteFideId "-1"]
[WhiteFideId "-1"]
[PlyCount "72"]
[GameId "2217295489035428"]
[EventDate "2025.08.18"]
[EventType "swiss"]
[EventRounds "9"]
[EventCountry "CAN"]

1. e4 e5 2. Nf3 Nc6 3. Bc4 Bc5 4. O-O Nf6 5. d3 O-O 6. h3 d6 7. c3 a6 8. a4 Ba7 9. Re1 Be6 10. Bxe6 fxe6 11. b4 h6 12. Nbd2 Ne7 13. Nf1 Ng6 14. Ra2 Qe7 15. Ng3 Rf7 16. d4 Nd7 17. Be3 Raf8 18. Nh2 Kh7 19. Ng4 exd4 20. cxd4 Nf6 21. Nxf6+ Qxf6 22. b5 axb5 23. axb5 Bb6 24. d5 Bxe3 25. Rxe3 Qe5 26. Rd2 b6 27. dxe6 Qxe6 28. Nf5 Ra8 29. Nd4 Qe5 30. g3 Qg5 31. Qb3 Re7 32. Nf5 Rd7 33. Qc3 Ne7 34. Nd4 Ng6 35. Nf5 Ne7 36. Nd4 Ng6 1/2-1/2

[Event "NAYCC U18"]
[Site "Kingston CAN"]
[Date "2025.08.22"]
[Round "8.6"]
[White "Mou, Iris"]
[Black "Lin, Leo"]
[Result "1-0"]
[WhiteElo "2240"]
[BlackElo "2059"]
[WhiteFideId "-1"]
[WhiteFideId "-1"]
[PlyCount "69"]
[GameId "2217305310293164"]
[EventDate "2025.08.18"]
[EventType "swiss"]
[EventRounds "9"]
[EventCountry "CAN"]

1. e4 c5 2. Nf3 d6 3. d4 cxd4 4. Nxd4 Nf6 5. Nc3 Nc6 6. Bg5 e6 7. Bb5 Bd7 8. Qd3 Be7 9. O-O-O h6 10. Bh4 Ne5 11. Qe2 a6 12. Bxd7+ Qxd7 13. f4 Nc6 14. e5 dxe5 15. Nf5 Qc7 16. Nxe7 Nxe7 17. Bxf6 gxf6 18. Ne4 Nd5 19. Rxd5 exd5 20. Nxf6+ Kf8 21. fxe5 Rd8 22. Rd1 Qc6 23. Rd4 Qe6 24. Qe3 b5 25. h4 a5 26. Qa3+ Qe7 27. Qxa5 h5 28. Nxd5 Qd7 29. e6 fxe6 30. Rf4+ Kg7 31. Qc3+ Kh6 32. Rf6+ Kh7 33. Qd3+ Kg8 34. Qg6+ Qg7 35. Ne7# 1-0

[Event "NAYCC U18"]
[Site "Kingston CAN"]
[Date "2025.08.22"]
[Round "8.7"]
[White "Schaefer, Sasha Milo"]
[Black "Martinez Flores, Matias"]
[Result "1/2-1/2"]
[WhiteElo "2023"]
[BlackElo "2060"]
[WhiteFideId "-1"]
[WhiteFideId "-1"]
[PlyCount "56"]
[GameId "2217372756348084"]
[EventDate "2025.08.18"]
[EventType "swiss"]
[EventRounds "9"]
[EventCountry "CAN"]

1. e4 c5 2. Nf3 d6 3. d4 cxd4 4. Nxd4 Nf6 5. Bb5+ Nbd7 6. O-O a6 7. Bd3 e5 8. Nf3 Be7 9. Re1 O-O 10. Nbd2 b5 11. Nf1 Bb7 12. Bg5 h6 13. Bxf6 Nxf6 14. Ng3 Re8 15. Qd2 Bf8 16. b3 Qc7 17. c4 bxc4 18. Bxc4 Rad8 19. Rac1 Qb8 20. Bd5 Nxd5 21. exd5 Qa8 22. Rcd1 g6 23. h4 h5 24. Ng5 Bg7 25. f3 Rc8 26. N3e4 Red8 27. g4 hxg4 28. fxg4 Rc7 1/2-1/2

[Event "NAYCC U18"]
[Site "Kingston CAN"]
[Date "2025.08.22"]
[Round "8.8"]
[White "Moses, Neil"]
[Black "Guillemette, Hugo"]
[Result "0-1"]
[WhiteElo "2234"]
[BlackElo "2193"]
[WhiteFideId "-1"]
[WhiteFideId "-1"]
[PlyCount "84"]
[GameId "2217400019799228"]
[EventDate "2025.08.18"]
[EventType "swiss"]
[EventRounds "9"]
[EventCountry "CAN"]

1. e4 c5 2. Nf3 e6 3. d4 cxd4 4. Nxd4 Nc6 5. Nc3 Qc7 6. Be3 a6 7. a3 b5 8. Nxc6 dxc6 9. Qf3 Nf6 10. Be2 Be7 11. Qg3 Qxg3 12. hxg3 Bb7 13. O-O-O c5 14. f3 Bc6 15. g4 Nd7 16. g5 O-O 17. Rh3 Rfc8 18. Nb1 c4 19. c3 a5 20. Kd2 Rab8 21. Ke1 Nf8 22. Nd2 e5 23. g3 Ne6 24. f4 Bc5 25. Bxc5 Nxc5 26. Kf2 Nxe4+ 27. Nxe4 Bxe4 28. Bg4 Rd8 29. Rxd8+ Rxd8 30. Ke3 Bc6 31. Be2 exf4+ 32. gxf4 Re8+ 33. Kd2 a4 34. Rh2 Re6 35. Bg4 Rd6+ 36. Ke2 h6 37. gxh6 gxh6 38. Rh5 Rg6 39. Bf3 Be8 40. Ke3 Rd6 41. Bd5 Kg7 42. Kd4 Bc6 0-1

[Event "NAYCC U18"]
[Site "Kingston CAN"]
[Date "2025.08.22"]
[Round "8.9"]
[White "Tang, Vincent"]
[Black "Berube, Maximilien"]
[Result "0-1"]
[WhiteElo "1937"]
[BlackElo "1928"]
[WhiteFideId "-1"]
[WhiteFideId "-1"]
[PlyCount "62"]
[GameId "2217401814359236"]
[EventDate "2025.08.18"]
[EventType "swiss"]
[EventRounds "9"]
[EventCountry "CAN"]

1. d4 d5 2. c4 e6 3. Nc3 c6 4. e4 dxe4 5. Nxe4 Bb4+ 6. Bd2 Qxd4 7. Bxb4 Qxe4+ 8. Be2 Na6 9. Ba5 b6 10. Qd6 Bd7 11. Bc3 f6 12. Nf3 Nh6 13. O-O-O O-O-O 14. Rhe1 Nc5 15. b4 Nb7 16. Qd2 e5 17. Qb2 Bf5 18. c5 Rxd1+ 19. Rxd1 Rd8 20. Rxd8+ Nxd8 21. cxb6 axb6 22. Ne1 Nhf7 23. g3 Nd6 24. Bd3 Qd5 25. Be2 Nb5 26. Bd2 Ne6 27. a4 Ned4 28. Bxb5 cxb5 29. Qc3+ Kb7 30. Kb2 bxa4 31. Nd3 Nb5 0-1

[Event "NAYCC U18"]
[Site "Kingston CAN"]
[Date "2025.08.22"]
[Round "8.10"]
[White "Ramesan, Raunak Amit"]
[Black "Shankar, Pranav"]
[Result "0-1"]
[WhiteElo "1915"]
[BlackElo "2028"]
[WhiteFideId "-1"]
[WhiteFideId "-1"]
[PlyCount "82"]
[GameId "2217404049394892"]
[EventDate "2025.08.18"]
[EventType "swiss"]
[EventRounds "9"]
[EventCountry "CAN"]

1. e4 c6 2. d4 d5 3. e5 Bf5 4. h4 h5 5. Bd3 Bxd3 6. Qxd3 Qa5+ 7. Nd2 e6 8. Ngf3 Qa6 9. c4 Nh6 10. O-O Nd7 11. Qc3 dxc4 12. Nxc4 Nb6 13. Ne3 O-O-O 14. Bd2 Nd5 15. Nxd5 Rxd5 16. a4 Be7 17. b4 Kb8 18. b5 cxb5 19. axb5 Qb6 20. Qb3 Rxb5 21. Qa4 Nf5 22. Rfc1 Rd8 23. Ba5 Rxa5 24. Qxa5 Qxa5 25. Rxa5 Nxd4 26. Nxd4 Rxd4 27. g3 b6 28. Rb5 Kb7 29. Kf1 a5 30. Rb3 a4 31. Rf3 f5 32. exf6 Bxf6 33. Ke2 b5 34. Rd1 Kc6 35. Rxd4 Bxd4 36. Kd3 Kc5 37. Kc2 b4 38. Kb1 b3 39. Kc1 Kc4 40. Rf8 a3 41. Rc8+ Kd3 0-1

[Event "NAYCC U18"]
[Site "Kingston CAN"]
[Date "2025.08.22"]
[Round "8.11"]
[White "Malakar, Saarthak"]
[Black "Mulay, Vivan Prakash"]
[Result "1-0"]
[WhiteElo "2083"]
[BlackElo "2029"]
[WhiteFideId "-1"]
[WhiteFideId "-1"]
[PlyCount "61"]
[GameId "2217406409039158"]
[EventDate "2025.08.18"]
[EventType "swiss"]
[EventRounds "9"]
[EventCountry "CAN"]

1. Nf3 Nf6 2. g3 d5 3. Bg2 Bf5 4. O-O c6 5. c4 e6 6. Qb3 Qb6 7. d3 h6 8. Be3 Qxb3 9. axb3 a6 10. Bd4 Nbd7 11. Bc3 c5 12. cxd5 exd5 13. Ne5 Be6 14. Nxd7 Nxd7 15. d4 f6 16. e4 dxe4 17. Bxe4 cxd4 18. Bxd4 Rb8 19. Bg6+ Bf7 20. Re1+ Be7 21. Bf5 Rd8 22. Nd2 Bd5 23. Bg6+ Kf8 24. Nc4 h5 25. Re3 Rh6 26. Bf5 g6 27. Nb6 Bc6 28. Bxd7 Bxd7 29. Rae1 Rh7 30. Nd5 Re8 31. Nxe7 1-0

[Event "NAYCC U18"]
[Site "Kingston CAN"]
[Date "2025.08.22"]
[Round "8.12"]
[White "Joseph, Jonath"]
[Black "Zhu, Matthew"]
[Result "0-1"]
[WhiteElo "1938"]
[BlackElo "2043"]
[WhiteFideId "-1"]
[WhiteFideId "-1"]
[PlyCount "96"]
[GameId "2217408213089598"]
[EventDate "2025.08.18"]
[EventType "swiss"]
[EventRounds "9"]
[EventCountry "CAN"]

1. Nf3 Nf6 2. b3 g6 3. Bb2 Bg7 4. e3 c5 5. c4 O-O 6. Be2 Nc6 7. O-O d5 8. cxd5 Qxd5 9. Nc3 Qf5 10. d3 Rd8 11. Qb1 b6 12. Ne4 Ba6 13. Ng3 Qd5 14. d4 Bxe2 15. Nxe2 cxd4 16. Nexd4 Nxd4 17. Bxd4 Rac8 18. Qb2 Ne4 19. h3 Bxd4 20. Nxd4 Nf6 21. Rac1 Ne4 22. Rxc8 Rxc8 23. Rc1 Rc5 24. Nf3 f6 25. Qa1 Qd3 26. Rxc5 bxc5 27. Qf1 Qc2 28. Ne1 Qb1 29. Nf3 Qc2 30. Ne1 Qc3 31. Nf3 Kf8 32. Qe2 Qc1+ 33. Qf1 Qb2 34. Ne1 Qxa2 35. f3 Nc3 36. Qd3 Qxb3 37. Qd8+ Kf7 38. Qh8 Qb1 39. Qxh7+ Ke6 40. Qg8+ Kd7 41. Kf1 Qb5+ 42. Kg1 Qe2 43. Qxg6 Qxe1+ 44. Kh2 Qxe3 45. h4 Ne2 46. Qg4+ Kd6 47. Qg8 Qg1+ 48. Kh3 Qh1+ 0-1

[Event "NAYCC U18"]
[Site "Kingston CAN"]
[Date "2025.08.22"]
[Round "8.14"]
[White "Zhuang, Ryan"]
[Black "Liu, Sean"]
[Result "0-1"]
[WhiteElo "1706"]
[BlackElo "1823"]
[WhiteFideId "-1"]
[WhiteFideId "-1"]
[PlyCount "99"]
[GameId "2217413100580174"]
[EventDate "2025.08.18"]
[EventType "swiss"]
[EventRounds "9"]
[EventCountry "CAN"]

1. e4 c5 2. Nc3 e6 3. f4 Nc6 4. Nf3 d6 5. Bb5 Bd7 6. O-O Be7 7. Kh1 a6 8. Bxc6 bxc6 9. d4 cxd4 10. Qxd4 Kf8 11. f5 exf5 12. exf5 Bxf5 13. Ng5 Bxg5 14. Rxf5 Bf6 15. Qf2 Qd7 16. Ne4 Re8 17. Nxf6 Qxf5 18. Bf4 Qxf6 19. Rd1 d5 20. Qc5+ Ne7 21. Bd6 Qe6 22. Qxc6 f6 23. Bxe7+ Rxe7 24. Qc3 Kf7 25. h3 Rc8 26. Qf3 Rxc2 27. Qh5+ Kg8 28. Rxd5 Rc8 29. Rd1 Qxa2 30. Qf5 Rce8 31. Qf2 Qe6 32. Qd2 Qe2 33. Qd5+ Kh8 34. b3 Qf2 35. Qd6 Re1+ 36. Rxe1 Qxe1+ 37. Kh2 Qe5+ 38. Qxe5 Rxe5 39. g4 Rb5 40. g5 fxg5 41. b4 Rxb4 42. Kg3 a5 43. h4 gxh4+ 44. Kf3 a4 45. Ke3 a3 46. Kf3 a2 47. Ke3 a1=Q 48. Kf3 Qa3+ 49. Kg2 Rb2+ 50. Kg1 0-1

[Event "NAYCC U18"]
[Site "Kingston CAN"]
[Date "2025.08.22"]
[Round "8.15"]
[White "Samanta, Neelansh"]
[Black "Valavan, Aaryan"]
[Result "1/2-1/2"]
[WhiteElo "1698"]
[BlackElo "1659"]
[WhiteFideId "-1"]
[WhiteFideId "-1"]
[PlyCount "34"]
[GameId "2217416480316761"]
[EventDate "2025.08.18"]
[EventType "swiss"]
[EventRounds "9"]
[EventCountry "CAN"]

1. b3 Nf6 2. Bb2 g6 3. g3 Bg7 4. Bg2 d6 5. d4 O-O 6. c4 c5 7. Nf3 Bd7 8. d5 b5 9. O-O bxc4 10. bxc4 Qb6 11. Qb3 Na6 12. Nbd2 Rfb8 13. e4 Qxb3 14. axb3 Nb4 15. Ra5 a6 16. Rfa1 Nc2 17. Rc1 Nb4 1/2-1/2

[Event "NAYCC U18"]
[Site "Kingston CAN"]
[Date "2025.08.23"]
[Round "9.1"]
[White "Kot, Emanuel"]
[Black "Mou, Iris"]
[Result "1-0"]
[WhiteElo "2166"]
[BlackElo "2240"]
[WhiteFideId "-1"]
[WhiteFideId "-1"]
[PlyCount "317"]
[GameId "2217687225637182"]
[EventDate "2025.08.18"]
[EventType "swiss"]
[EventRounds "9"]
[EventCountry "CAN"]

1. e4 e6 2. d4 d5 3. Nd2 c5 4. exd5 Qxd5 5. Ngf3 cxd4 6. Bc4 Qd7 7. O-O Nc6 8. Nb3 a6 9. Nbxd4 Nxd4 10. Nxd4 Qc7 11. Bb3 Bd6 12. h3 Ne7 13. Qe2 O-O 14. c3 b6 15. Re1 Ng6 16. Bc2 Bb7 17. Be4 Rac8 18. Bg5 Bh2+ 19. Kh1 Bf4 20. Bxf4 Nxf4 21. Qf3 Bxe4 22. Qxe4 Rfd8 23. Rad1 b5 24. Ne2 Nd5 25. Rd4 Nf6 26. Qf3 Rxd4 27. Nxd4 Rd8 28. Rd1 Qb6 29. Kg1 h6 30. Nc2 e5 31. Ne3 e4 32. Qe2 Qa5 33. a3 Qc7 34. Rxd8+ Qxd8 35. Ng4 Nxg4 36. Qxg4 Qd5 37. Qc8+ Kh7 38. Qxa6 Qd1+ 39. Kh2 Qd2 40. Qa7 Qxb2 41. Qxf7 Qxc3 42. Qf5+ Kg8 43. Qd5+ Kf8 44. Qa8+ Kf7 45. Qxe4 Qc4 46. Qe3 Kg8 47. Kg3 Kh8 48. Qe8+ Kh7 49. Kf3 Qc3+ 50. Qe3 Qf6+ 51. Kg3 Qg6+ 52. Kh2 Qc6 53. f3 Kg8 54. Kg1 Kf7 55. Qb3+ Kf8 56. Qb4+ Kg8 57. Qe7 Qb6+ 58. Kf1 Qc6 59. h4 Qc4+ 60. Kf2 Qc6 61. g4 Qb6+ 62. Kg2 Qc6 63. h5 Qc2+ 64. Kg3 Qc6 65. Kg2 Qc2+ 66. Kh3 Qc3 67. Kg3 Qc8 68. Qe5 Qc6 69. Qb8+ Kf7 70. Qf4+ Kg8 71. Qe5 Qd7 72. Qc5 Qe8 73. Kf4 Kh8 74. Qc3 Qe6 75. Qe3 Qc6 76. Ke5 Qe8+ 77. Kd4 Qc6 78. Qb3 Qd6+ 79. Kc3 Qc5+ 80. Kd3 Qc6 81. Kd2 Qd6+ 82. Kc2 Qc6+ 83. Qc3 Qe6 84. Kb2 Qe8 85. Kb3 Qf8 86. Qe3 Qa8 87. Qe4 Qf8 88. Qd5 Qb8 89. Kb4 Qf8+ 90. Qc5 Qb8 91. Qxb5 Qd6+ 92. Qc5 Qd2+ 93. Kb5 Qd3+ 94. Kb6 Qb3+ 95. Ka5 Qb7 96. a4 Qa8+ 97. Kb4 Qb7+ 98. Kc4 Qf7+ 99. Qd5 Qc7+ 100. Kd3 Qb8 101. a5 Qb1+ 102. Kd4 Qb4+ 103. Ke5 Qb8+ 104. Ke6 Qg8+ 105. Kd6 Qd8+ 106. Ke5 Qb8+ 107. Ke4 Qb4+ 108. Kd3 Qb1+ 109. Kc3 Qc1+ 110. Kb3 Qb1+ 111. Ka4 Qc2+ 112. Kb5 Qb2+ 113. Kc6 Qb8 114. Kd7 Qa7+ 115. Kc8 Qa6+ 116. Kb8 Qf6 117. Kb7 Qe7+ 118. Kc8 Qa3 119. Qa8 Kh7 120. Qe4+ Kh8 121. Qd5 Kh7 122. Kb7 Qe7+ 123. Kc6 Qe8+ 124. Qd7 Qa8+ 125. Kb6 Qb8+ 126. Kc5 Qe5+ 127. Kc4 Qf4+ 128. Qd4 Qc7+ 129. Qc5 Qf4+ 130. Kb3 Qb8+ 131. Ka4 Qf4+ 132. Kb5 Qb8+ 133. Qb6 Qe8+ 134. Qc6 Qe5+ 135. Ka6 Qe2+ 136. Kb7 Qe7+ 137. Qc7 Qb4+ 138. Ka8 Qa4 139. Qe5 Kh8 140. f4 Qc4 141. g5 hxg5 142. fxg5 Kh7 143. Qf5+ Kg8 144. g6 Qc6+ 145. Kb8 Qd6+ 146. Kb7 Qe7+ 147. Kc6 Qe8+ 148. Kc5 Qe7+ 149. Kc6 Qe8+ 150. Qd7 Qa8+ 151. Kb6 Kh8 152. Qd6 Kg8 153. a6 Qe8 154. Kc7 Kh8 155. Qd8 Qxd8+ 156. Kxd8 Kg8 157. a7 Kh8 158. a8=R Kg8 159. Ke7# 1-0